| 000 | 00340nam a22001457a 4500 | ||
|---|---|---|---|
| 005 | 20250903145331.0 | ||
| 020 | _a8177540890 | ||
| 082 | _a581.82 PAR | ||
| 100 | _aPareek L K | ||
| 100 | _aSwarnkar P L | ||
| 245 | _aTrends in Plant Tissue Culture and Biotechnology | ||
| 260 |
_aJodhpur _bAgrobios _c2005 |
||
| 300 | _a334 | ||
| 942 | _cBK | ||
| 999 |
_c373838 _d373838 |
||